| Tag |
First Indicator |
Second Indicator |
Subfields |
| LEADER |
00000cam a2200000 4500 |
| 001 |
in00000064470 |
| 005 |
20151007083240.0 |
| 008 |
720613s1918 ilu 00000 eng u |
| 010 |
|
|
|a 18018814
|
| 035 |
|
|
|a (OCoLC)00330492
|
| 035 |
|
|
|9 AAF9088AM
|
| 040 |
|
|
|c CSU
|d TXA
|d UtOrBLW
|
| 049 |
|
|
|a TXAM
|c [191443]
|
| 050 |
|
0 |
|a HC56
|b .C6
|
| 090 |
|
|
|a HC56
|b .C6 1918
|
| 092 |
|
|
|a 330.19355
|b C593r
|
| 100 |
1 |
|
|a Clark, John Maurice,
|d 1884-1963.
|
| 245 |
1 |
0 |
|a Readings in the economics of war /
|c edited by J. Maurice Clark, Walton H. Hamilton [and] Harold G. Moulton.
|
| 264 |
|
1 |
|a Chicago, Ill. :
|b The University of Chicago Press,
|c [1918]
|
| 300 |
|
|
|a xxxi,676p. ;
|c 24cm.
|
| 336 |
|
|
|a text
|b txt
|2 rdacontent
|
| 337 |
|
|
|a unmediated
|b n
|2 rdamedia
|
| 338 |
|
|
|a volume
|b nc
|2 rdacarrier
|
| 490 |
0 |
|
|a Materials for the study of economics
|
| 650 |
|
0 |
|a World War, 1914-1918
|x Economic aspects.
|
| 650 |
|
0 |
|a War
|x Economic aspects.
|
| 700 |
1 |
|
|a Hamilton, Walton Hale,
|d 1881-1958.
|
| 700 |
1 |
|
|a Moulton, Harold Glenn,
|d 1883-1965.
|
| 999 |
|
|
|a MARS
|
| 999 |
f |
f |
|s fd0de76c-3852-3af0-befc-717e8bc86cb9
|i 3e0815bc-a009-3b51-8916-a8071c25b624
|t 0
|
| 952 |
f |
f |
|p ric
|a Texas A&M University
|b Rellis Campus
|c Joint Library Facility
|d Remote Storage
|t 0
|e HC56 .C6 1918
|h Library of Congress classification
|i unmediated -- volume
|m A14800695438
|
| 998 |
f |
f |
|a HC56 .C6 1918
|t 0
|l Remote Storage
|